000 00446nam a2200157Ia 4500
008 220216s9999 xx 000 0 und d
100 _aGeorge K.T.
245 0 _aRubber-based industrialisation in Kerala: An assessment of missed linkages
260 _bEconomic and Political Weekly
_c1992
300 _a47-56
650 _aEconomic analysis
650 _aKerala
650 _aRubber product industry
700 _aJoseph T.[a]
942 _cBS
999 _c49710
_d49710